| 000 | 01429nam a22002417a 4500 | ||
|---|---|---|---|
| 999 |
_c57571 _d57571 |
||
| 003 | Ge_BSU | ||
| 005 | 20200803132746.0 | ||
| 008 | 200803s2020 ge ||||| |||| 00| 0 geo d | ||
| 020 | _a9789941484261 | ||
| 041 | _ageo | ||
| 080 | _a37.01(092კომენსკი) ბ-29 | ||
| 100 |
_aბასილაძე, იმერი _94917 |
||
| 245 |
_aიან ამოს კომენიუსის "მათეტიკა" (სწავლის თეორია) / _cიმერი ბასილაძე, ეთერ ღვინერია; რედ. თ. ღვინიანიძე; ქუთაისის ა. წერეთლის სახ. უნივერსიტეტი პედაგოგიკის დეპარტამენტი. |
||
| 264 |
_aქუთაისი : _bაწსუ, _c2020. |
||
| 300 |
_a192 გვ. _b20 სმ. |
||
| 504 | _aბიბლიოგრ. გვ. 184-191 | ||
| 653 | _aპედაგოგიკა | ||
| 653 | _aსწავლის თეორია | ||
| 700 |
_aღვინერია, ეთერ _eავტორი _99101 |
||
| 700 |
_aღვინიანიძე, თ. _eრედაქტორი _99102 |
||
| 710 |
_aქუთაისის ა. წერეთლის სახ. უნივერსიტეტი პედაგოგიკის დეპარტამენტი _99103 |
||
| 942 |
_2udc _cBK |
||